| 000 | 01142cam a22001814a 4500 | ||
|---|---|---|---|
| 005 | 20250605163350.0 | ||
| 008 | 250528s ||||||||||||||||||||||||d | ||
| 035 | _a17673 | ||
| 020 | _a9786185112073 | ||
| 040 |
_aGR-AtMCL _bgre _dGR-AtMCL _eAACR2 |
||
| 245 | 1 | _aΜάθετε το tablet με android / Η Πρώτη Επαφή, Εφαρμογές και Λειτουργίες, Βασικές Ρυθμίσεις, Ασφάλεια και Γονικός Έλεγχος | |
| 260 |
_bDigerati, _c2014 |
||
| 300 | _a98 | ||
| 520 | _aΑναλυτικά ο κόσμος ενός Android tablet¨από τις βασικές εφαρμογές μέχρι το γονικό έλεγχο και την ασφάλεια. Εισαγωγή 6, Πρώτη Εγκατάσταση 8, Βασικές Εφαρμογές και Λειτουργίες, Περιβάλλον Εργασίας και Εφαρμογές και Σύνδεση με PC, Email και Web Browsing και Φωτογραφίες, Ρυθμίσεις, Κόλπα και Συμβουλές και Γονικός Έλεγχος 88. | ||
| 942 | _cBK | ||
| 999 |
_c3075 _d3075 |
||